| 000 | 00897nam a2200265 i 4500 | ||
|---|---|---|---|
| 001 | bg | ||
| 245 | 0 | 0 |
_aTechnologia maszyn : _blaboratorium / _cpod red. Andrzeja Koziarskiego ; [oprac. szczegółowe ćw. Ryszard Dębkowski et al.]. |
| 260 |
_aŁódź : _bWydaw. PŁ, _c2002. |
||
| 300 |
_a149 s. : _bil. ; _c23 cm. |
||
| 490 | 1 | _aSkrypty dla Szkół Wyższych / Politechnika Łódzka | |
| 500 | _aNa grzbiecie nr kolejny wydawnictw PŁ: 1045. | ||
| 504 | _aBibliogr. przy ćw. | ||
| 650 | 9 |
_aMaszyny _xtechnologia |
|
| 655 | _aPodręczniki akademickie | ||
| 700 | 1 |
_aKOZIARSKI, Andrzej. _eRed. |
|
| 700 | 1 |
_aDĘBKOWSKI, Ryszard. _eOprac. |
|
| 830 | 0 | _aSkrypty dla Szkół Wyższych (Politechnika Łódzka) | |
| 020 | _a8372830657 | ||
| 040 | _cBPK | ||
| 041 | 0 | _apol | |
| 080 | _a621(075.8) | ||
| 920 | _a83-7283-065-7 | ||
| 942 | _cKS | ||
| 008 | s pl f |000 0 pol | ||
| 999 |
_c43393 _d43393 |
||
| 856 |
_uhttp://koha.tu.koszalin.pl/cgi-bin/koha/opac-detail.pl?biblionumber=43393 _yKatalog online BPK |
||